Božský prúd /

Uložené v:
Podrobná bibliografia
Hlavný autor: Osteen, John
Ďalší autori: Šimová, Lenka (Translator)
Médium: Kniha
Jazyk:Slovak
English
Vydané: Banská Bystrica : COM SK, 2011.
Vydanie:1. slov. vyd.
Témy:
ISBN: 9788097047665 (brož.)
Fyzický popis: 34 s. ; 18 cm.
Tagy: Pridať tag
Žiadne tagy, Buďte prvý kto otaguje tento záznam!

MARC

LEADER 00000nam a2200000 a 4500
001 000375310
005 20120119082500.0
008 110831s2011 xo e 000 j slo d
020 |a 9788097047665 (brož.) 
040 |a SVKKK  |b slo  |c SVKKK  |e AACR2 
041 1 |a slo  |h eng 
044 |a xo  |c SK 
072 7 |a 27  |x Kresťanstvo. Kresťanská cirkev všeobecne. Ekleziológia  |2 konspekt 
080 |a 27  |2 2001 
080 |a 27-4  |2 2001 
080 |a 27-277.2  |2 2001 
080 |a 27-14:27-423.79  |2 2001 
080 |a 27-486.6  |2 2001 
080 |a (041)  |2 2001 
100 1 |a Osteen, John 
240 1 4 |a The divine flow.  |l Slovensky 
245 1 0 |a Božský prúd /  |c John Osteen ; [prekad: Lenka Šimová]. 
250 |a 1. slov. vyd. 
260 |a Banská Bystrica :  |b COM SK,  |c 2011. 
300 |a 34 s. ;  |c 18 cm. 
500 |a Preklad z angl. orig. 
500 |a Údaj o prekl. prevzatý z rubu titul. strany 
650 0 7 |a kresťanská viera  |2 SVKKKPH 
650 0 7 |a kresťanský život  |2 SVKKKPH 
650 0 7 |a biblické citáty  |2 SVKKKPH 
650 0 7 |a Božia láska  |2 SVKKKPH 
650 0 7 |a uzdravovanie  |2 SVKKKPH 
655 7 |a brožúry  |2 SVKKKPH 
700 1 |a Šimová, Lenka  |4 trl 
765 0 |t Divine flow. Slovensky  |a Osteen, John 
910 |a svkkk 
919 |a 978-80-970476-6-5 
998 |a BK 
090 |g SCKHL  |k Sklad Hlavná 10 prízemie  |a I.79592  |j 1031115  |i 2720256611  |s Absenčne